[Event "7th OHRA Open"]
[Site "Amsterdam NED"]
[Date "1988.08.06"]
[Round "5"]
[White "Piket, Jeroen"]
[Black "Bosboom, Manuel"]
[Result "1-0"]
[WhiteElo "2495"]
[BlackElo "2385"]
[EventDate "1988.08.01"]
[PlyCount "45"]

1.d4 Nf6 2.Nf3 c5 3.d5 b5 4.Bg5 d6 5.e3 Nbd7 6.Bxb5 Qa5+ 7.Nc3 Rb8 8.Qd3 
a6 9.Bc6 Rxb2 10.O-O g6 11.Bxf6 exf6 12.Nd2 Rb8 13.Nc4 Qc7 14.Rab1 Rxb1 
15.Rxb1 Kd8 16.Bxd7 Qxd7 17.Nb6 Qa7 18.Nxc8 Kxc8 19.Na4 Be7 20.Rb6 Rd8 21.
Rxa6 Qb7 22.Rb6 Qa7 23.Qb5 1-0

[Event "7th OHRA Open"]
[Site "Amsterdam NED"]
[Date "1988.08.06"]
[Round "5"]
[White "Ree, Hans"]
[Black "Vanheste, Jeroen"]
[Result "0-1"]
[WhiteElo "2480"]
[BlackElo "2390"]
[EventDate "1988.08.01"]
[PlyCount "78"]

1.Nf3 Nf6 2.c4 g6 3.b4 Bg7 4.Bb2 O-O 5.e3 c6 6.Be2 d5 7.O-O Qb6 8.a3 a5 9.
Bd4 Qc7 10.Nc3 dxc4 11.Bxc4 Bg4 12.Be5 Bxf3 13.Bxc7 Bxd1 14.Rfxd1 axb4 15.
axb4 Rxa1 16.Rxa1 Ne4 17.Ra2 Nxd2 18.Rxd2 Bxc3 19.Ra2 Bxb4 20.Ra7 b5 21.
Be2 Bd6 22.Ba5 b4 23.Rb7 c5 24.Bc7 Nc6 25.Bb5 Ra8 26.f4 Na5 27.Bxa5 Rxa5 
28.Kf2 Ra2+ 29.Kf3 Rc2 30.e4 Rc3+ 31.Kg4 f6 32.g3 b3 33.Bc6 c4 34.Bd5+ Kf8
35.e5 fxe5 36.fxe5 Bxe5 37.Rb4 Bd6 38.Rxc4 b2 39.Rxc3 b1=Q 0-1

[Event "7th OHRA Open"]
[Site "Amsterdam NED"]
[Date "1988.08.06"]
[Round "5"]
[White "Shvidler, Eliahu"]
[Black "Ligterink, Gert"]
[Result "0-1"]
[WhiteElo "2430"]
[BlackElo "2445"]
[EventDate "1988.08.01"]
[PlyCount "82"]

1.d4 Nf6 2.Nf3 e6 3.c4 Bb4+ 4.Nbd2 b6 5.a3 Bxd2+ 6.Bxd2 Bb7 7.Bg5 d6 8.e3 
Nbd7 9.Bd3 h6 10.Bh4 g5 11.Bg3 h5 12.h3 Rg8 13.Rg1 h4 14.Bh2 g4 15.Nxh4 
Ne4 16.g3 gxh3 17.Qc2 f5 18.O-O-O Qf6 19.f3 Ng5 20.Rdf1 O-O-O 21.d5 Nc5 
22.Be2 Rdf8 23.e4 fxe4 24.f4 Nf7 25.Rd1 exd5 26.cxd5 Nh6 27.Bf1 Kb8 28.
Bxh3 Nd3+ 29.Kb1 Bxd5 30.Ng2 Qf7 31.Rd2 Ba2+ 32.Ka1 Nc5 33.Ne3 Nb3+ 34.
Kxa2 Nxd2+ 35.b3 Nf3 36.Rc1 d5 37.Bf1 c5 38.f5 Ng4 39.Nxg4 Rxg4 40.Bh3 Rh8
41.Qg2 Nxh2 0-1

[Event "7th OHRA Open"]
[Site "Amsterdam NED"]
[Date "1988.08.07"]
[Round "6"]
[White "Lobron, Eric"]
[Black "Gulko, Boris"]
[Result "1-0"]
[WhiteElo "2530"]
[BlackElo "2590"]
[EventDate "1988.08.01"]
[PlyCount "69"]

1.d4 Nf6 2.c4 g6 3.Nc3 d5 4.Nf3 Bg7 5.Bg5 Ne4 6.cxd5 Nxg5 7.Nxg5 e6 8.Qd2 
exd5 9.Qe3+ Kf8 10.Qf4 Bf6 11.h4 h6 12.Nf3 Be6 13.O-O-O Nd7 14.Ne5 Kg7 15.
e4 Nb6 16.Bd3 c5 17.dxc5 d4 18.Nb5 Rc8 19.Kb1 Rxc5 20.Nf3 a6 21.Na3 Nd7 
22.Rc1 Qb6 23.Nc4 Bxc4 24.Rxc4 Rxc4 25.Bxc4 Rc8 26.Bb3 Qc5 27.g4 Rf8 28.g5
Be5 29.Qg4 Qd6 30.h5 Rh8 31.Bxf7 Kxf7 32.Qxd7+ Qxd7 33.Nxe5+ Ke7 34.Nxd7 
Kxd7 35.hxg6 1-0

[Event "7th OHRA Open"]
[Site "Amsterdam NED"]
[Date "1988.08.07"]
[Round "6"]
[White "Brenninkmeijer, Joris"]
[Black "Vanheste, Jeroen"]
[Result "1-0"]
[WhiteElo "2390"]
[BlackElo "2390"]
[EventDate "1988.08.01"]
[PlyCount "82"]

1.d4 Nf6 2.c4 g6 3.Nc3 d5 4.Nf3 Bg7 5.cxd5 Nxd5 6.e4 Nxc3 7.bxc3 c5 8.Rb1 
O-O 9.Be2 cxd4 10.cxd4 Qa5+ 11.Bd2 Qxa2 12.O-O b6 13.Qc1 Bb7 14.Bc4 Qa4 
15.Bb5 Qa2 16.Rb2 Qe6 17.Re1 Rc8 18.Rc2 Na6 19.Bf4 Qg4 20.Bg3 Nb4 21.Rc7 
Bxe4 22.Bd7 Rxc7 23.Qxc7 Bf5 24.h3 Qh5 25.Rxe7 Rf8 26.Be8 Be6 27.Rxe6 fxe6
28.Qe7 Qf5 29.Bd7 Nd5 30.Bxe6+ Kh8 31.Qd6 Qb1+ 32.Kh2 Nf6 33.Ne5 Ne4 34.
Qe7 Nxg3 35.fxg3 h6 36.Bf7 Rxf7 37.Qxf7 Bxe5 38.dxe5 Qf5 39.Qe7 h5 40.e6 
Kg8 41.Qe8+ Kg7 1-0

[Event "7th OHRA Open"]
[Site "Amsterdam NED"]
[Date "1988.08.07"]
[Round "6"]
[White "Van der Sterren, Paul"]
[Black "Ermenkov, Evgeny"]
[Result "1-0"]
[WhiteElo "2475"]
[BlackElo "2475"]
[EventDate "1988.08.01"]
[PlyCount "79"]

1.d4 d6 2.e4 Nf6 3.Nc3 g6 4.f4 Bg7 5.Nf3 O-O 6.Bd3 Na6 7.O-O c5 8.d5 Nc7 
9.a4 b6 10.Qe1 e6 11.dxe6 fxe6 12.e5 Nfd5 13.Ng5 dxe5 14.Qh4 h6 15.Bxg6 
Qf6 16.Qh5 Nxc3 17.Nh7 Ne2+ 18.Kh1 Qe7 19.Nxf8 Qxf8 20.Qxe2 Ba6 21.Bd3 
Bxd3 22.Qxd3 Rd8 23.Qe2 e4 24.Qxe4 Qf5 25.Qxf5 exf5 26.a5 b5 27.Be3 Ne6 
28.Rad1 Rc8 29.Rd6 Kf7 30.Rd7+ Ke8 31.Rxa7 Bxb2 32.Rb7 b4 33.a6 Nd8 34.Rb5
Ra8 35.Bxc5 Rxa6 36.Bxb4 Nc6 37.Bd2 Ra2 38.Re1+ Kd7 39.Rxf5 Ba3 40.Rd5+ 
1-0

[Event "7th OHRA Open"]
[Site "Amsterdam NED"]
[Date "1988.08.07"]
[Round "6"]
[White "Ftacnik, Lubomir"]
[Black "Lerner, Konstantin"]
[Result "1/2-1/2"]
[WhiteElo "2590"]
[BlackElo "2530"]
[EventDate "1988.08.01"]
[PlyCount "81"]

1.d4 Nf6 2.c4 e6 3.Nf3 b6 4.g3 Ba6 5.b3 Bb4+ 6.Bd2 Be7 7.Bg2 O-O 8.O-O c6 
9.Bc3 d5 10.Nbd2 Nbd7 11.Re1 c5 12.e4 dxc4 13.Nxc4 Bb7 14.e5 Nd5 15.Bb2 b5
16.Nd6 Bxd6 17.exd6 c4 18.Ba3 b4 19.bxc4 bxa3 20.Qb3 N5b6 21.Rac1 Bc6 22.
Qxa3 Rc8 23.d5 exd5 24.Nd4 Ba8 25.c5 Nxc5 26.Rxc5 Qxd6 27.Ra5 Qf6 28.Qd3 
Rc4 29.Nb5 Qb2 30.Rb1 Rc1+ 31.Rxc1 Qxc1+ 32.Bf1 Nc8 33.Nxa7 Nxa7 34.Rxa7 
d4 35.Qc4 Qd1 36.Qd3 Qa1 37.Rd7 Qxa2 38.Qxd4 Qe6 39.Rd8 Qe7 40.Rxf8+ Qxf8 
41.Bg2 1/2-1/2

[Event "7th OHRA Open"]
[Site "Amsterdam NED"]
[Date "1988.08.07"]
[Round "6"]
[White "Visser, Yge"]
[Black "Ligterink, Gert"]
[Result "1-0"]
[WhiteElo "2320"]
[BlackElo "2445"]
[EventDate "1988.08.01"]
[PlyCount "65"]

1.e4 c5 2.Nf3 e6 3.d3 Nc6 4.g3 Nge7 5.Bg2 g6 6.O-O Bg7 7.c3 d5 8.Nbd2 b6 
9.Re1 a5 10.a3 Ba6 11.exd5 Nxd5 12.Nc4 Qc7 13.Ng5 O-O 14.Qg4 Rad8 15.Nxe6 
fxe6 16.Qxe6+ Qf7 17.Bg5 Nce7 18.Nxb6 Nxb6 19.Bxe7 Qxe6 20.Rxe6 Rb8 21.
Bxc5 Rf6 22.Rae1 Bxd3 23.Rxb6 Rfxb6 24.Bd5+ Kh8 25.Bxb6 Bxc3 26.bxc3 Rxb6 
27.Re3 Rb1+ 28.Kg2 Bf1+ 29.Kf3 Ra1 30.Kf4 Kg7 31.Re7+ Kh6 32.h4 Rxa3 33.g4
1-0

[Event "7th OHRA Open"]
[Site "Amsterdam NED"]
[Date "1988.08.07"]
[Round "6"]
[White "Bosboom, Manuel"]
[Black "Cifuentes Parada, Roberto"]
[Result "0-1"]
[WhiteElo "2385"]
[BlackElo "2480"]
[EventDate "1988.08.01"]
[PlyCount "66"]

1.e4 c5 2.Nf3 d6 3.d4 cxd4 4.Nxd4 Nf6 5.Nc3 Nc6 6.Bc4 e6 7.Be3 Be7 8.Qe2 
O-O 9.O-O-O a6 10.Rhg1 Nxd4 11.Bxd4 b5 12.Bb3 Bb7 13.g4 Nd7 14.g5 Bxg5+ 
15.Kb1 Bf6 16.Qd2 Ne5 17.Qe3 Ng6 18.Bxf6 Qxf6 19.Rxd6 Qe5 20.Rb6 Rab8 21.
h4 Rfd8 22.a4 bxa4 23.Bxa4 Qh2 24.f3 Qxh4 25.Bb3 Qf4 26.Qf2 Ne5 27.Rf1 g6 
28.Na4 Rd2 29.Qe1 Nd7 30.Rb4 Qd6 31.c3 a5 32.Rd4 Rxd4 33.cxd4 Ba6 0-1

[Event "7th OHRA Open"]
[Site "Amsterdam NED"]
[Date "1988.08.07"]
[Round "6"]
[White "Ninov, Kiril"]
[Black "Andruet, Gilles"]
[Result "0-1"]
[WhiteElo "2515"]
[BlackElo "2450"]
[EventDate "1988.08.01"]
[PlyCount "76"]

1.g3 c5 2.Bg2 Nc6 3.Nf3 g6 4.c3 e5 5.d4 cxd4 6.cxd4 e4 7.Ne5 f5 8.Nc3 Bg7 
9.Bf4 g5 10.Be3 Nxe5 11.dxe5 Bxe5 12.O-O d6 13.Rc1 h6 14.Nd5 Rh7 15.Qc2 
Nf6 16.Nc7+ Rxc7 17.Qxc7 Qxc7 18.Rxc7 d5 19.Rc2 d4 20.Bd2 Be6 21.f4 gxf4 
22.Bxf4 Bxf4 23.Rxf4 Rd8 24.Rd2 Ke7 25.Bh3 Nd5 26.Rh4 Ne3 27.b3 Kf6 28.
Rxh6+ Ke5 29.Bg2 Rc8 30.h3 Rc1+ 31.Kh2 Rf1 32.Rxd4 Rf2 33.Rb4 Rxg2+ 34.Kh1
Bd5 35.g4 Rxe2 36.gxf5 Nxf5 37.Rg6 e3+ 38.Kg1 Re1+ 0-1

[Event "7th OHRA Open"]
[Site "Amsterdam NED"]
[Date "1988.08.07"]
[Round "6"]
[White "Shvidler, Eliahu"]
[Black "Ree, Hans"]
[Result "0-1"]
[WhiteElo "2430"]
[BlackElo "2480"]
[EventDate "1988.08.01"]
[PlyCount "38"]

1.Nf3 Nf6 2.d4 g6 3.c4 Bg7 4.Nc3 O-O 5.Bg5 c5 6.e3 d6 7.h3 h6 8.Bf4 Nc6 9.
Be2 cxd4 10.exd4 Nh5 11.Be3 e5 12.O-O Nf4 13.Bxf4 exf4 14.Nd5 g5 15.Re1 f5
16.Bf1 g4 17.Nh2 f3 18.gxf3 Qh4 19.f4 Bd7 0-1

[Event "7th OHRA Open"]
[Site "Amsterdam NED"]
[Date "1988.08.08"]
[Round "7"]
[White "Gelfand, Boris"]
[Black "Sokolov, Ivan"]
[Result "1-0"]
[WhiteElo "2585"]
[BlackElo "2570"]
[EventDate "1988.08.01"]
[PlyCount "75"]

1.d4 Nf6 2.c4 c5 3.Nf3 cxd4 4.Nxd4 b6 5.Nc3 Bb7 6.f3 e6 7.e4 Nc6 8.Be3 Rc8
9.Ndb5 d6 10.Bf4 e5 11.Be3 a6 12.Na3 Be7 13.Be2 O-O 14.O-O Nd4 15.Kh1 Ne6 
16.Nc2 Nf4 17.Nb4 N6h5 18.g3 Nxe2 19.Qxe2 Nf6 20.Rac1 Nd7 21.Nbd5 f5 22.
Rcd1 Kh8 23.b3 Nc5 24.Kg1 h6 25.Bxc5 bxc5 26.Qd3 Bxd5 27.Nxd5 f4 28.gxf4 
exf4 29.Nxe7 Qxe7 30.Qxd6 Qg5+ 31.Kh1 Rcd8 32.Qe6 Kh7 33.Rd5 Rxd5 34.exd5 
Rf5 35.Rg1 Qh5 36.Qe4 Kh8 37.Rg4 Qh3 38.Qe8+ 1-0

[Event "7th OHRA Open"]
[Site "Amsterdam NED"]
[Date "1988.08.08"]
[Round "7"]
[White "Gulko, Boris"]
[Black "Van der Sterren, Paul"]
[Result "1-0"]
[WhiteElo "2590"]
[BlackElo "2475"]
[EventDate "1988.08.01"]
[PlyCount "45"]

1.d4 Nf6 2.c4 e6 3.Nc3 d5 4.cxd5 exd5 5.Bg5 Be7 6.e3 O-O 7.Bd3 c6 8.Nge2 
Nbd7 9.Ng3 h6 10.h4 Nb6 11.Qc2 Re8 12.O-O-O hxg5 13.hxg5 Ne4 14.Bxe4 dxe4 
15.f4 Nd5 16.Ngxe4 Nxe3 17.Qf2 Nxd1 18.Qh4 f5 19.Qh5 Kf8 20.Qg6 Kg8 21.Rh7
Qxd4 22.Qh5 Qe3+ 23.Kc2 1-0

[Event "7th OHRA Open"]
[Site "Amsterdam NED"]
[Date "1988.08.08"]
[Round "7"]
[White "Mednis, Edmar John"]
[Black "Ftacnik, Lubomir"]
[Result "1/2-1/2"]
[WhiteElo "2435"]
[BlackElo "2590"]
[EventDate "1988.08.01"]
[PlyCount "93"]

1.c4 f5 2.Nf3 Nf6 3.b3 g6 4.Bb2 Bg7 5.g3 O-O 6.Bg2 d6 7.d4 a5 8.O-O c6 9.
Nc3 Na6 10.Rc1 Bd7 11.Qd2 Re8 12.Rfd1 Qc7 13.e4 Rad8 14.exf5 Bxf5 15.d5 e5
16.dxe6 Bxe6 17.Ng5 Bf5 18.h3 Nc5 19.g4 Bc8 20.Re1 h6 21.Nge4 Nfxe4 22.
Nxe4 Bxb2 23.Qxb2 Nd3 24.Nf6+ Kf7 25.Nxe8 Rxe8 26.Qd2 Rxe1+ 27.Rxe1 Nxe1 
28.Qxe1 Qd8 29.Qe3 g5 30.Qa7 Ke8 31.Qb8 Kd7 32.Be4 Qc7 33.Bf5+ Kd8 34.Qa8 
b6 35.Be4 Qb7 36.Bxc6 Qxa8 37.Bxa8 Ke7 38.Kg2 Kf6 39.Kf3 Ke5 40.Ke3 Be6 
41.Bc6 Bf7 42.h4 Bg6 43.hxg5 hxg5 44.a3 Bc2 45.b4 axb4 46.axb4 Bb3 47.Bb5 
1/2-1/2

[Event "7th OHRA Open"]
[Site "Amsterdam NED"]
[Date "1988.08.08"]
[Round "7"]
[White "Andruet, Gilles"]
[Black "Visser, Yge"]
[Result "1-0"]
[WhiteElo "2450"]
[BlackElo "2320"]
[EventDate "1988.08.01"]
[PlyCount "73"]

1.d4 Nf6 2.c4 g6 3.Nc3 Bg7 4.e4 d6 5.h3 c5 6.d5 e5 7.g4 O-O 8.Bg5 a6 9.a4 
Qa5 10.Bd3 Nbd7 11.Ne2 h5 12.f3 Nh7 13.Be3 Bf6 14.gxh5 Qd8 15.Qd2 Bh4+ 16.
Kd1 g5 17.Kc2 Ndf6 18.Rag1 Nxh5 19.f4 f6 20.f5 Bd7 21.Rg4 Be8 22.Ng1 Kh8 
23.Nf3 Bg3 24.h4 Bf4 25.hxg5 fxg5 26.Be2 Rg8 27.Rg2 Bxe3 28.Qxe3 Nf4 29.
Rg3 Rg7 30.Bf1 Kg8 31.Qg1 Qf6 32.Qh2 Bh5 33.Ng1 Kf8 34.Be2 Bf7 35.Nh3 Qh6 
36.Qg1 Qh4 37.Nf2 1-0

[Event "7th OHRA Open"]
[Site "Amsterdam NED"]
[Date "1988.08.08"]
[Round "7"]
[White "Brenninkmeijer, Joris"]
[Black "Bosboom, Manuel"]
[Result "1/2-1/2"]
[WhiteElo "2390"]
[BlackElo "2385"]
[EventDate "1988.08.01"]
[PlyCount "123"]

1.d4 Nf6 2.c4 c5 3.d5 b5 4.cxb5 a6 5.bxa6 g6 6.Nc3 Bxa6 7.e4 Bxf1 8.Kxf1 
d6 9.g4 Bg7 10.Kg2 Na6 11.g5 Nd7 12.Nge2 O-O 13.h4 Nb6 14.h5 Qd7 15.Nf4 
Nc7 16.Qe2 Na4 17.Bd2 Nxb2 18.Rh3 Ra3 19.Rah1 e5 20.dxe6 Nxe6 21.Qg4 Nxf4+
22.Qxf4 Nc4 23.Nd5 Rxh3 24.Rxh3 Nxd2 25.Rg3 Qe6 26.Qxd2 Qxe4+ 27.f3 Qe6 
28.Rg4 Rb8 29.Re4 Rb2 30.Qxb2 Bxb2 31.Rxe6 fxe6 32.Nc7 c4 33.Nxe6 Kf7 34.
Nd8+ Ke7 35.Nc6+ Kd7 36.Nb4 Ba3 37.Nc2 Bc5 38.hxg6 hxg6 39.f4 d5 40.Kf3 
Ke6 41.Ne3 c3 42.Ke2 d4 43.Nc2 Kf5 44.Ne1 Ke4 45.a4 Bb4 46.Nd3 Ba5 47.Nc5+
Kxf4 48.Kd3 Bb6 49.Nd7 Bc7 50.Nc5 Ke5 51.Nb3 Bb6 52.a5 Ba7 53.a6 Kd5 54.
Nc1 Kc5 55.Ne2 Kb4 56.Nxd4 Bxd4 57.Kxd4 c2 58.a7 c1=Q 59.a8=Q Qd2+ 60.Ke5 
Qxg5+ 61.Kd4 Qc5+ 62.Ke4 1/2-1/2

[Event "7th OHRA Open"]
[Site "Amsterdam NED"]
[Date "1988.08.08"]
[Round "7"]
[White "Piket, Jeroen"]
[Black "Lerner, Konstantin"]
[Result "0-1"]
[WhiteElo "2495"]
[BlackElo "2530"]
[EventDate "1988.08.01"]
[PlyCount "56"]

1.d4 Nf6 2.Nf3 e6 3.c4 b6 4.Nc3 Bb4 5.Bg5 Bb7 6.e3 h6 7.Bh4 Bxc3+ 8.bxc3 
d6 9.Nd2 g5 10.Bg3 Qe7 11.h4 Rg8 12.hxg5 hxg5 13.a4 Nc6 14.Qb1 O-O-O 15.
Nb3 Rh8 16.Rxh8 Rxh8 17.a5 Nh5 18.d5 exd5 19.cxd5 Nxg3 20.dxc6 Bxc6 21.
fxg3 Qxe3+ 22.Kd1 Be4 23.Qb2 Rh1 24.Qe2 Qxc3 25.Qb5 Rxf1+ 26.Ke2 Bc6 27.
Qa6+ Bb7 28.Qb5 c6 0-1

[Event "7th OHRA Open"]
[Site "Amsterdam NED"]
[Date "1988.08.08"]
[Round "7"]
[White "Pieterse, Gert"]
[Black "Ree, Hans"]
[Result "1-0"]
[WhiteElo "2425"]
[BlackElo "2480"]
[EventDate "1988.08.01"]
[PlyCount "65"]

1.d4 Nf6 2.c4 c5 3.d5 g6 4.Nc3 d6 5.e4 Bg7 6.Nf3 O-O 7.Be2 e6 8.h3 exd5 9.
exd5 Bf5 10.g4 Bc8 11.Bg5 h6 12.Bf4 Re8 13.Nd2 Nh7 14.Kf1 f5 15.Bd3 Rf8 
16.Nb5 Rf6 17.Qe2 a6 18.Nc3 Ng5 19.h4 fxg4 20.Bxg5 hxg5 21.hxg5 Rf4 22.
Bxg6 Be5 23.Nce4 Kg7 24.Bh7 Nd7 25.Ng3 Qxg5 26.Nde4 Rxe4 27.Bxe4 Nf6 28.
Bc2 Bd7 29.Ne4 Qf4 30.Nxf6 Kxf6 31.Qd3 Rg8 32.Qh7 g3 33.Rh6+ 1-0

[Event "7th OHRA Open"]
[Site "Amsterdam NED"]
[Date "1988.08.08"]
[Round "7"]
[White "Ligterink, Gert"]
[Black "Karolyi, Tibor"]
[Result "0-1"]
[WhiteElo "2445"]
[BlackElo "2450"]
[EventDate "1988.08.01"]
[PlyCount "62"]

1.d4 d5 2.c4 dxc4 3.Nf3 Nf6 4.Nc3 e6 5.e4 Bb4 6.Bg5 c5 7.Bxc4 cxd4 8.Nxd4 
Bxc3+ 9.bxc3 Qa5 10.Bxf6 Qxc3+ 11.Kf1 gxf6 12.Rc1 Qa5 13.Nb5 a6 14.Be2 Nc6
15.Nd6+ Ke7 16.Nc4 Qc5 17.g3 Rd8 18.Qe1 Nd4 19.Kg2 Nxe2 20.Qxe2 Bd7 21.e5 
Bc6+ 22.f3 Rd4 23.Rhd1 Rad8 24.Rxd4 Qxd4 25.exf6+ Kxf6 26.Rc2 Bb5 27.a4 
Bxc4 28.Rxc4 Qd2 29.Kf2 b5 30.axb5 axb5 31.Rh4 Qc1 0-1

[Event "7th OHRA Open"]
[Site "Amsterdam NED"]
[Date "1988.08.09"]
[Round "8"]
[White "Lobron, Eric"]
[Black "Andruet, Gilles"]
[Result "1-0"]
[WhiteElo "2530"]
[BlackElo "2450"]
[EventDate "1988.08.01"]
[PlyCount "117"]

1.Nf3 b6 2.g3 Bb7 3.Bg2 c5 4.O-O g6 5.c4 Bg7 6.Nc3 Nf6 7.Re1 Ne4 8.Nxe4 
Bxe4 9.d4 cxd4 10.Bh6 Bxh6 11.Qxd4 O-O 12.Qxe4 Nc6 13.Rad1 Rc8 14.e3 Bg7 
15.b3 d6 16.h4 Ne5 17.Nd4 Re8 18.h5 a6 19.hxg6 hxg6 20.Qb7 a5 21.Bh3 Rb8 
22.Qe4 Qc7 23.Re2 Qb7 24.Qd5 Qc7 25.Red2 Bf6 26.Kg2 Nd7 27.Nb5 Qd8 28.Qf3 
Be5 29.Qc6 Nc5 30.f4 Bg7 31.Bg4 Rf8 32.Qd5 Ra8 33.Bf3 Rb8 34.Rh1 Qd7 35.
Qg5 Qe6 36.Qh4 Rfd8 37.e4 Rbc8 38.Nd4 Bxd4 39.Rxd4 Qf6 40.Qxf6 exf6 41.
Rhd1 Nb7 42.R4d2 Rb8 43.Rd5 Kf8 44.a3 Ke7 45.Kf2 Nc5 46.b4 axb4 47.axb4 
Na6 48.Rb1 Nc7 49.Rdd1 Ra8 50.Ra1 Rxa1 51.Rxa1 Ra8 52.Rxa8 Nxa8 53.e5 Nc7 
54.exd6+ Kxd6 55.Bb7 Ne6 56.Bd5 g5 57.Bxe6 fxe6 58.fxg5 fxg5 59.g4 1-0

[Event "7th OHRA Open"]
[Site "Amsterdam NED"]
[Date "1988.08.09"]
[Round "8"]
[White "Cifuentes Parada, Roberto"]
[Black "Gulko, Boris"]
[Result "1/2-1/2"]
[WhiteElo "2480"]
[BlackElo "2590"]
[EventDate "1988.08.01"]
[PlyCount "50"]

1.Nf3 d6 2.e4 Nf6 3.Nc3 c5 4.d4 cxd4 5.Nxd4 Nc6 6.g3 g6 7.Bg2 Bg7 8.Nxc6 
bxc6 9.e5 dxe5 10.Qxd8+ Kxd8 11.Bxc6 Rb8 12.Be3 Kc7 13.Bg2 a6 14.O-O-O Bb7
15.Nd5+ Nxd5 16.Bxd5 Rhd8 17.Bxb7 Kxb7 18.c4 e4 19.Rxd8 Rxd8 20.b3 Rd3 21.
Rd1 Rc3+ 22.Kd2 Kc6 23.Ke2 Rc2+ 24.Rd2 Rc1 25.Rd1 Rc2+ 1/2-1/2

[Event "7th OHRA Open"]
[Site "Amsterdam NED"]
[Date "1988.08.09"]
[Round "8"]
[White "Van der Sterren, Paul"]
[Black "Piket, Jeroen"]
[Result "1/2-1/2"]
[WhiteElo "2475"]
[BlackElo "2495"]
[EventDate "1988.08.01"]
[PlyCount "123"]

1.c4 e6 2.Nc3 d5 3.d4 Nf6 4.cxd5 exd5 5.Bg5 c6 6.e3 Bf5 7.Qf3 Bg6 8.Bxf6 
Qxf6 9.Qxf6 gxf6 10.Nf3 Nd7 11.Nh4 Be7 12.g3 Nb6 13.f4 f5 14.Bd3 Bxh4 15.
gxh4 Ke7 16.Ne2 Ke6 17.Ng3 h6 18.b4 a6 19.Kd2 Nc8 20.a4 Nd6 21.h5 Bh7 22.
Rhc1 Rhg8 23.Rc5 Rg4 24.Kc3 Rh4 25.Ra2 f6 26.Kb3 Bg8 27.Ra5 Rb8 28.b5 axb5
29.axb5 Bf7 30.b6 Bxh5 31.Kb4 Bf3 32.Kc5 Be4 33.Bf1 Rg8 34.Ra8 Rxa8 35.
Rxa8 Rxh2 36.Be2 Rg2 37.Rd8 Nf7 38.Rb8 Rxg3 39.Rxb7 Rxe3 40.Rc7 Nd8 41.Ba6
Rc3+ 42.Kb4 Rc4+ 43.Bxc4 dxc4 44.Kxc4 Kd6 45.Rh7 h5 46.b7 Nxb7 47.Rxb7 
Bd5+ 48.Kd3 c5 49.dxc5+ Kxc5 50.Rh7 Bf3 51.Rh6 Bg4 52.Rxf6 h4 53.Re6 h3 
54.Ke3 Kd5 55.Re8 Kc4 56.Rd8 Kc5 57.Rd2 Kc4 58.Rd7 Kc5 59.Rd8 Kc4 60.Kf2 
Kc3 61.Kg3 Kc4 62.Rd7 1/2-1/2

[Event "7th OHRA Open"]
[Site "Amsterdam NED"]
[Date "1988.08.09"]
[Round "8"]
[White "Ftacnik, Lubomir"]
[Black "Sokolov, Ivan"]
[Result "1/2-1/2"]
[WhiteElo "2590"]
[BlackElo "2570"]
[EventDate "1988.08.01"]
[PlyCount "84"]

1.d4 Nf6 2.c4 g6 3.Nc3 d5 4.Nf3 Bg7 5.Qb3 dxc4 6.Qxc4 O-O 7.e4 Bg4 8.Be3 
Nfd7 9.Qb3 c5 10.d5 Bxf3 11.gxf3 Na6 12.Be2 Nc7 13.a4 Rb8 14.O-O a6 15.f4 
e5 16.fxe5 Bxe5 17.f4 Bd4 18.Bxd4 cxd4 19.Nd1 Re8 20.Nf2 Qh4 21.Rac1 Qxf4 
22.Ng4 Qd2 23.Rxc7 Qxe2 24.Qh3 h5 25.Nh6+ Kg7 26.Nxf7 Nf8 27.Qh4 Qe3+ 28.
Kh1 Kg8 29.Nd6 Nh7 30.Nxe8 Rxe8 31.Re7 Rf8 32.Rxf8+ Nxf8 33.Qf6 Qe1+ 34.
Kg2 Qd2+ 35.Kg3 h4+ 36.Kh3 Qe3+ 37.Kg4 Qg1+ 38.Kh3 Qe3+ 39.Kg4 Qg1+ 40.
Kxh4 Qxh2+ 41.Kg5 Qg2+ 42.Kh4 Qh2+ 1/2-1/2

[Event "7th OHRA Open"]
[Site "Amsterdam NED"]
[Date "1988.08.09"]
[Round "8"]
[White "Visser, Yge"]
[Black "Bosboom, Manuel"]
[Result "1-0"]
[WhiteElo "2320"]
[BlackElo "2385"]
[EventDate "1988.08.01"]
[PlyCount "65"]

1.e4 c5 2.Nf3 e6 3.d3 Nc6 4.g3 d5 5.Nbd2 Bd6 6.Bg2 Nge7 7.O-O O-O 8.Re1 
Qc7 9.c3 Bd7 10.exd5 exd5 11.d4 c4 12.Nf1 Rad8 13.Ne3 Rfe8 14.b4 a6 15.a4 
b5 16.axb5 axb5 17.Ra2 h6 18.Rae2 Qc8 19.Bd2 Be6 20.Qb1 Bc7 21.Nh4 Bb6 22.
Nef5 Nxf5 23.Nxf5 Rf8 24.Nxh6+ Kh8 25.Rxe6 fxe6 26.Qg6 Nxd4 27.cxd4 Bxd4 
28.Nf7+ Kg8 29.Ng5 Rxf2 30.Be3 Bxe3 31.Rxe3 Rxg2+ 32.Kxg2 Qd7 33.Rf3 1-0

[Event "7th OHRA Open"]
[Site "Amsterdam NED"]
[Date "1988.08.09"]
[Round "8"]
[White "Pieterse, Gert"]
[Black "Brenninkmeijer, Joris"]
[Result "0-1"]
[WhiteElo "2425"]
[BlackElo "2390"]
[EventDate "1988.08.01"]
[PlyCount "96"]

1.d4 Nf6 2.Nf3 d5 3.Bg5 Ne4 4.Bf4 Bf5 5.Nbd2 e6 6.e3 Bd6 7.Bg3 O-O 8.Nxe4 
Bxe4 9.Nd2 Bg6 10.c4 Bxg3 11.hxg3 c5 12.dxc5 d4 13.Nb3 dxe3 14.f4 Nc6 15.
Qxd8 Rfxd8 16.Ke2 Nb4 17.a3 Nc2 18.Rd1 Rxd1 19.Kxd1 Rd8+ 20.Kc1 Nd4 21.
Nxd4 Rxd4 22.Be2 Rd2 23.Bf3 Rc2+ 24.Kb1 Rxc4+ 25.Ka2 Rxc5 26.Bxb7 e2 27.
Ba6 Bh5 28.Re1 Rc2 29.Bb7 Rd2 30.Bf3 Bxf3 31.gxf3 h5 32.a4 Kf8 33.a5 Ke7 
34.a6 Kd6 35.Kb3 Rd3+ 36.Kc4 Rxf3 37.Rxe2 Rxg3 38.b4 Rg4 39.Kb5 h4 40.Rd2+
Kc7 41.Rc2+ Kd7 42.Rd2+ Ke7 43.Kc6 Rxf4 44.b5 Rc4+ 45.Kb7 Rb4 46.Kxa7 Rxb5
47.Ka8 g5 48.a7 Ra5 0-1

[Event "7th OHRA Open"]
[Site "Amsterdam NED"]
[Date "1988.08.09"]
[Round "8"]
[White "Vanheste, Jeroen"]
[Black "Mednis, Edmar John"]
[Result "0-1"]
[WhiteElo "2390"]
[BlackElo "2435"]
[EventDate "1988.08.01"]
[PlyCount "66"]

1.d4 Nf6 2.c4 e6 3.g3 d5 4.Bg2 dxc4 5.Nf3 a6 6.O-O b5 7.Ne5 c6 8.a4 Bb7 9.
Nc3 Qc8 10.e4 Nbd7 11.Nxd7 Qxd7 12.e5 Nd5 13.Nxd5 cxd5 14.f4 b4 15.f5 exf5
16.Bh3 g6 17.g4 fxg4 18.Bxg4 Qe7 19.Rf6 Bg7 20.Bg5 Qc7 21.Rd6 O-O 22.Rd7 
Qc6 23.Be7 Bc8 24.Rd6 Bxg4 25.Rxc6 Bxd1 26.Bxf8 Bxa4 27.Rxa4 Bxf8 28.Raxa6
Rxa6 29.Rxa6 Bh6 30.Kf2 Bc1 31.b3 cxb3 32.Ra1 b2 33.Rb1 f6 0-1

[Event "7th OHRA Open"]
[Site "Amsterdam NED"]
[Date "1988.08.09"]
[Round "8"]
[White "Ninov, Kiril"]
[Black "Ligterink, Gert"]
[Result "0-1"]
[WhiteElo "2515"]
[BlackElo "2445"]
[EventDate "1988.08.01"]
[PlyCount "60"]

1.d4 Nf6 2.Nf3 e6 3.g3 b6 4.Bg2 Bb7 5.O-O Be7 6.c4 O-O 7.Nc3 Ne4 8.Bd2 Bf6
9.Rc1 d5 10.cxd5 exd5 11.Bf4 Na6 12.Qa4 c5 13.Be5 Bxe5 14.Nxe5 Re8 15.e3 
Nc7 16.Rfd1 Nxc3 17.bxc3 f6 18.Nd3 c4 19.Nf4 a5 20.Rb1 Qd6 21.Qc2 b5 22.h4
Bc6 23.Re1 Re7 24.Re2 Rae8 25.Rbe1 b4 26.e4 dxe4 27.cxb4 Qxb4 28.Bxe4 Rxe4
29.d5 Nxd5 30.Rxe4 Qxe1+ 0-1

[Event "7th OHRA Open"]
[Site "Amsterdam NED"]
[Date "1988.08.11"]
[Round "9"]
[White "Mednis, Edmar John"]
[Black "Van der Sterren, Paul"]
[Result "1-0"]
[WhiteElo "2435"]
[BlackElo "2475"]
[EventDate "1988.08.01"]
[PlyCount "119"]

1.c4 e6 2.g3 d5 3.Bg2 dxc4 4.Qa4+ Nd7 5.Qxc4 c5 6.Nf3 Ngf6 7.O-O b6 8.Ng5 
Rb8 9.Nc3 h6 10.Nge4 Nxe4 11.Nxe4 b5 12.Qc2 Bb7 13.d3 f5 14.Nc3 Bxg2 15.
Kxg2 Be7 16.Bf4 Rb6 17.a4 b4 18.Nd1 h5 19.Bd2 h4 20.a5 Rd6 21.Ne3 Rd4 22.
Nc4 Nf6 23.f3 Kf8 24.Be3 Rd5 25.Bf2 Kg8 26.Rad1 hxg3 27.hxg3 f4 28.Rh1 
Rdh5 29.Rxh5 Rxh5 30.Qc1 Nd5 31.g4 Rh6 32.Rh1 Rxh1 33.Qxh1 Qe8 34.Qh2 a6 
35.Qh1 Nc7 36.Qg1 Qb5 37.Qh2 Nd5 38.Qh5 Bf6 39.Qg6 Qc6 40.g5 Ne7 41.Qh5 g6
42.Qg4 Bg7 43.Qxf4 Qd5 44.Kf1 Nc6 45.Qc7 Nd4 46.Bxd4 Bxd4 47.Qf4 Qd7 48.b3
e5 49.Qh4 Qf5 50.Kg2 Bc3 51.Nd6 Qe6 52.Ne4 Bd4 53.Nf6+ Kf8 54.Qh8+ Ke7 55.
Qg7+ Kd8 56.Qb7 Qc8 57.Qb6+ Ke7 58.Nd5+ Kd7 59.Qxg6 Qd8 60.Nb6+ 1-0

[Event "7th OHRA Open"]
[Site "Amsterdam NED"]
[Date "1988.08.11"]
[Round "9"]
[White "Piket, Jeroen"]
[Black "Andruet, Gilles"]
[Result "0-1"]
[WhiteElo "2495"]
[BlackElo "2450"]
[EventDate "1988.08.01"]
[PlyCount "106"]

1.d4 d5 2.Nf3 Bf5 3.c4 c6 4.Nc3 e6 5.g3 Nf6 6.Bg2 Nbd7 7.O-O dxc4 8.a4 a5 
9.Re1 Bb4 10.e4 Bxc3 11.bxc3 Bxe4 12.Ba3 Qc7 13.Bh3 c5 14.Ne5 Nxe5 15.dxe5
Rd8 16.Qe2 Bd3 17.Qe3 Nd5 18.Qxc5 Qxc5 19.Bxc5 Nxc3 20.Bb6 Ra8 21.Bg2 Kd7 
22.Bxb7 Rab8 23.Bxa5 Ne2+ 24.Rxe2 Bxe2 25.Ba6 Kc6 26.Bb5+ Rxb5 27.axb5+ 
Kxb5 28.Bc3 Rd8 29.Ra5+ Kb6 30.f4 Bd1 31.Ra3 Rd7 32.Kf2 Bb3 33.Ba5+ Kc5 
34.Be1 Kd4 35.Ra6 Ke4 36.Rd6 Ra7 37.Ke2 Ra2+ 38.Rd2 Ra1 39.Rd7 Ra2+ 40.Rd2
Ra1 41.Rd7 Bc2 42.Rxf7 Bd3+ 43.Kd2 c3+ 44.Kxc3 Rxe1 45.Rxg7 Rc1+ 46.Kb3 
Ke3 47.h3 Kf3 48.Kb4 Rg1 49.Re7 Rxg3 50.Rxe6 Kxf4 51.Re8 Bg6 52.Re7 Re3 
53.e6 Bf5 0-1